Chiapas entre Guatemala y México : (Record no. 7547)

MARC details
000 -CABECERA
campo de control de longitud fija 00996nam a2200253 a 4500
005 - FECHA Y HORA DE LA ÚLTIMA TRANSACCIÓN
campo de control 20220908100902.0
008 - ELEMENTOS DE LONGITUD FIJA--INFORMACIÓN GENERAL
campo de control de longitud fija 991125s1964 mx 000 0 spa u
035 ## - NÚMERO DE CONTROL DEL SISTEMA
Número de control de sistema UPN01000007547
040 ## - FUENTE DE LA CATALOGACIÓN
Centro catalogador/agencia de origen MX-MxUPN
Lengua de catalogación spa
Centro/agencia transcriptor MX-MxUPN
049 ## - COLECCIÓN
Colección F
050 #4 - SIGNATURA TOPOGRÁFICA DE LA BIBLIOTECA DEL CONGRESO
Número de clasificación F1256
Número de documento/Ítem R5.2
100 1# - ASIENTO PRINCIPAL--NOMBRE PERSONAL
Nombre de persona Rincón Coutiño, Valentín
9 (RLIN) 45877
245 10 - MENCIÓN DE TÍTULO
Título Chiapas entre Guatemala y México :
Resto del título injusto motivo de discordias /
Mención de responsabilidad, etc. Valentín Rincón Coutiño.
260 ## - PUBLICACIÓN, DISTRIBUCIÓN, ETC.
Lugar de publicación, distribución, etc. México :
Nombre del editor, distribuidor, etc. Sociedad Mexicana de Geografía y Estadística,
Fecha de publicación, distribución, etc. 1964.
300 ## - DESCRIPCIÓN FÍSICA
Extensión 32 p.
490 ## - MENCIÓN DE SERIE
Mención de serie Selección de estudios y conferencias de la Sociedad Mexicana de Geografía y Estadística ;
Designación de volumen o secuencia 3
500 ## - NOTA GENERAL
Nota general "Selección de estudios y conferencias de la Sociedad Mexicana de Geografía y Estadística, 3"
651 #2 - ASIENTO SECUNDARIO DE MATERIA - NOMBRE GEOGRAFICO
Nombre geográfico Chiapas
Subdivisión general Descripción y viajes
9 (RLIN) 13376
651 #7 - ASIENTO SECUNDARIO DE MATERIA - NOMBRE GEOGRAFICO
Nombre geográfico Chiapas
Subdivisión general Historia
Fuente del encabezamiento o término
9 (RLIN) 13380
651 #0 - ASIENTO SECUNDARIO DE MATERIA - NOMBRE GEOGRAFICO
Nombre geográfico México
Subdivisión general Límites
9 (RLIN) 45480
Subdivisión geográfica Guatemala
651 #0 - ASIENTO SECUNDARIO DE MATERIA - NOMBRE GEOGRAFICO
Nombre geográfico Guatemala
Subdivisión general Límites
9 (RLIN) 45481
Subdivisión geográfica México
905 ## - TIPO DE MATERIAL
Tipo de material Folleto
942 ## - ELEMENTOS DE PUNTO DE ACCESO ADICIONAL (KOHA)
Fuente del sistema de clasificación o colocación Library of Congress Classification
Tipo de ítem Koha Folleto
Holdings
Estado de retiro Estado de pérdida Fuente del sistema de clasificación o colocación Estado dañado No para préstamo Código de colección Localización permanente Ubicación/localización actual Ubicación en estantería Fecha de adquisición Clasificación Código de barras Fecha visto por última vez Número de copia Tipo de ítem Koha Precio válido a partir de
    Library of Congress Classification   Disponible (Préstamo en sala) Folletería Bib. Gregorio Torres Quintero Bib. Gregorio Torres Quintero Colecciones especiales Planta alta 01/08/2022 F1256 R5.2 6196F 31/12/2020 1 Folleto  
    Library of Congress Classification   Disponible (Préstamo en sala) Folletería Bib. Gregorio Torres Quintero Bib. Gregorio Torres Quintero Colecciones especiales Planta alta 01/08/2022 F1256 R5.2 332689 01/08/2022 Ej.2 Folleto 01/08/2022